बाबासाहेब आंबेडकर : (Record no. 49355)
[ view plain ]
| 000 -LEADER | |
|---|---|
| fixed length control field | 01133nam a22002297a 4500 |
| 005 - DATE AND TIME OF LATEST TRANSACTION | |
| control field | 20101221122148.0 |
| 008 - FIXED-LENGTH DATA ELEMENTS--GENERAL INFORMATION | |
| fixed length control field | 101221t xxu||||| |||| 00| 0 mar d |
| 010 ## - LCCN (DPL NO) | |
| LC control number | MAR-20445 |
| 020 ## - INTERNATIONAL STANDARD BOOK NUMBER | |
| Terms of availability | 200.00 |
| International Standard Book Number | 978938166179 |
| 035 ## - SYSTEM CONTROL NUMBER | |
| System control number | MR-13103 |
| 037 ## - SOURCE OF ACQUISITION | |
| Source of stock number/acquisition | DBAD /PUB |
| 040 ## - CATALOGING SOURCE | |
| Original cataloging agency | DPL |
| Language of cataloging | MR |
| 082 ## - DEWEY DECIMAL CLASSIFICATION NUMBER | |
| Classification number | 338.90092 |
| 100 ## - MAIN ENTRY--PERSONAL NAME | |
| Personal name | थोरात,सुखदेव |
| 9 (RLIN) | 25025 |
| 245 ## - TITLE STATEMENT | |
| Title | बाबासाहेब आंबेडकर : |
| Statement of responsibility, etc | सुखदेव थोरात, |
| Remainder of title | नियोजन,जल व विद्दुतविकास-भूमिका व योगदान / |
| 246 ## - VARYING FORM OF TITLE | |
| Title proper/short title | Prachin-Arvachin Bharatiya Stree Ani Hindu Code Bill |
| Remainder of title | by Anil Surya |
| 260 ## - PUBLICATION, DISTRIBUTION, ETC. (IMPRINT) | |
| Place of publication, distribution, etc | पुणे |
| Name of publisher, distributor, etc | सुगावा प्रकाशन |
| Date of publication, distribution, etc | 2010 |
| 270 ## - ADDRESS | |
| Address | 562,सदाशिव पेठ |
| City | पुणे |
| Postal code | 411030 |
| 300 ## - PHYSICAL DESCRIPTION | |
| Extent | 218पृ |
| Dimensions | 21सेमी(सजिल्द) |
| 942 ## - ADDED ENTRY ELEMENTS (KOHA) | |
| Source of classification or shelving scheme | Dewey Decimal Classification |
| Item type | Marathi Books |
| Classification part | 338.90092 |
| Call number suffix | थोरात |
| Withdrawn status | Lost status | Source of classification or shelving scheme | Damaged status | Not for loan | Collection code | Home library | Current library | Date acquired | Source of acquisition | Cost, normal purchase price | Total Checkouts | Full call number | Barcode | Date last seen | Copy number | Cost, replacement price | Koha item type |
|---|---|---|---|---|---|---|---|---|---|---|---|---|---|---|---|---|---|
| Dewey Decimal Classification | Not For Loan | Non-fiction | D.B.Act.Division | D.B.Act.Division | 21/12/2010 | DBAD / PUB | 200.00 | 338.90092 थोरात | MR-13103 | 21/12/2010 | 1 | 200.00 | Marathi Books |
